| 000 | 00776nmm a2200241 a 4500 | ||
|---|---|---|---|
| 001 | ocm0001061996 | ||
| 003 | TR-IsHL | ||
| 005 | 20201028155013.0 | ||
| 008 | 150709s1981 tu tur | ||
| 007 | cr cn | ||
| 035 |
_a1061996 _b(N$T) |
||
| 050 | 0 | 4 |
_aBP161 _b.M497 1981 |
| 090 | 0 | 4 |
_aBP161 _b.M497 1981 |
| 245 | 1 | 0 |
_aMızraklı İlmihal (miftahu'l-cenne) _h[electronic resource] |
| 260 |
_aİstanbul : _bBedir Yayınları, _c1981 |
||
| 300 | _a153 p. | ||
| 650 | 4 | _aFelsefe, Psikoloji ve Din | |
| 650 | 4 | _aPhilosophy, Psychology and Religion | |
| 650 | 0 |
_aDin _x İslam |
|
| 650 | 0 |
_aReligion _x Islam |
|
| 650 | 7 |
_aRELIGION / Islam / General _2bisacsh |
|
| 856 | 4 | 0 | _uhttp://search.ebscohost.com/login.aspx?direct=true&scope=site&db=e011xww&AN=1061996 |
| 999 |
_c12863 _d12863 |
||